Inovačné schopnosti regiónov v období 1970-1989

Gespeichert in:
Bibliographische Detailangaben
1. Verfasser: Rehák, Štefan, 1974-
Format: Buchkapitel
Sprache:Slowakisch
Tags: Tag hinzufügen
Keine Tags, Fügen Sie das erste Tag hinzu!

MARC

LEADER 00000nla$a2200000$$$4500
001 0113713
005 20240502072250.4
041 0 |a slo 
044 |a SK 
245 1 0 |a Inovačné schopnosti regiónov v období 1970-1989  |c Štefan Rehák 
100 1 |a Rehák, Štefan, 1974-